[Event "47th GER-ch Blitz 2020"]
[Site "Magdeburg"]
[Date "2020.08.15"]
[Round "14.1"]
[White "Donchenko, Alexander"]
[Black "Berger, Steve"]
[Result "1-0"]
[WhiteElo "2646"]
[BlackElo "2408"]
[Annotator "TA"]
[PlyCount "92"]
[EventDate "2020.07.28"]
[EventType "tourn"]
[EventCountry "GER"]
[SourceTitle "playchess.com"]
[Source "ChessBase"]
[SourceQuality "1"]

{[%evp 21,92,19,18,-39,0,0,0,0,21,4,20,12,19,0,0,-4,-4,-12,0,0,0,0,0,0,0,0,-7,-3,0,0,0,0,30,10,30,30,30,20,37,37,37,37,45,45,45,46,47,37,41,37,37,29,42,29,21,21,37,37,39,0,0,0,0,0,29975,29978,29978,29978,29981,29982,29982,29983,29977]} 1. Nf3 c5 2. c4 g6 3. d4 cxd4 4. Nxd4 Nc6 5. e4 Nf6 6. Nc3 d6 7. Be2 Nxd4 8. Qxd4 Bg7 9. Bg5 O-O 10. Qd2 Be6 11. O-O Qa5 12. Bh6 {B36: Sicilian: Maroczy Bind: Gurgenidze System.} ({White should play} 12. Rad1 $11) 12... Rfc8 13. Bxg7 Kxg7 14. Qd4 {The position is equal.} Qc5 15. Qxc5 Rxc5 16. b3 a6 17. Na4 Rc7 18. Nb6 Rb8 {[#]} 19. f3 $146 ({Predecessor:} 19. Bf3 Nd7 20. Nxd7 Bxd7 21. Be2 b5 22. f3 Be6 23. cxb5 axb5 24. Rfc1 Ra7 25. a4 bxa4 26. bxa4 {1-0 (40) Pallas,S (2278)-Joeres,S (2039) Wuerzburg 2018}) 19... Nd7 20. Nxd7 Bxd7 21. a4 a5 22. Rad1 Rc5 23. f4 Bc6 24. Bf3 h6 25. Kf2 g5 26. g3 Kf6 27. Ke3 gxf4+ 28. gxf4 Rg8 29. Rg1 Rg6 30. Rg3 Rxg3 31. hxg3 $14 {[%mdl 4096] Endgame KRB-KRB} Kg7 32. Bg4 Be8 33. Kd4 Rc6 34. Bf3 Rb6 35. Kc3 Bc6 36. Re1 f5 37. Bh1 fxe4 38. Bxe4 Bxe4 39. Rxe4 $11 {KR-KR} Kf6 40. g4 e5 41. fxe5+ dxe5 42. c5 Rb4 $2 {[%mdl 8192]} (42... Rc6 $11) 43. Rxb4 {White mates.} axb4+ 44. Kxb4 e4 {[#]} 45. c6 $1 {[%mdl 512]} bxc6 46. a5 Kg5 {Accuracy: White = 92%, Black = 89%.} 1-0

[Event "47th GER-ch Blitz 2020"]
[Site "Magdeburg"]
[Date "2020.08.15"]
[Round "14.2"]
[White "Schoewel, Matthias"]
[Black "Kopylov, Michael"]
[Result "0-1"]
[WhiteElo "2218"]
[BlackElo "2407"]
[Annotator "TA"]
[PlyCount "86"]
[EventDate "2020.07.28"]
[EventType "tourn"]
[EventCountry "GER"]
[SourceTitle "playchess.com"]
[Source "ChessBase"]
[SourceQuality "1"]

{[%evp 9,86,22,17,14,22,20,14,5,8,14,15,-17,-19,-18,0,-21,0,-3,0,-27,-5,-31,-25,-27,-22,-30,16,-29,-11,-25,-19,-57,-45,-68,-65,-83,-33,-31,-25,-40,0,-37,-39,-68,-21,-247,-245,-385,-377,-650,-616,-670,-621,-607,-567,-593,-541,-529,-516,-511,-507,-496,-415,-677,-673,-705,-704,-689,-676,-945,-938,-938,-900,-1146,-1053,-1106,-1079,-1315,-1306]} 1. e4 d5 2. exd5 Qxd5 3. Nf3 Bg4 4. Be2 Nc6 5. h3 Bxf3 6. Bxf3 {B01: Scandinavian Defence.} Qe6+ 7. Qe2 Qxe2+ 8. Bxe2 {The position is equal.} O-O-O 9. O-O e5 {[#]} 10. a3 $146 ({Predecessor:} 10. d3 g6 11. Nd2 Bh6 12. c3 f5 13. Nf3 Bxc1 14. Raxc1 Nf6 15. Rcd1 Rd7 16. g3 {½-½ (27) Krstic,P (2333)-Saric,S (2422) Kragujevac 2016}) 10... f5 11. d3 Nf6 12. Nc3 Nd4 13. Bd1 $1 g6 14. Ne2 Nc6 {[%cal Bd4c6,Bc6e5,Be5c4][%mdl 32]} 15. Bg5 Bg7 16. Re1 h6 17. Bd2 e4 18. Nc1 Ne5 19. Bc3 Rhe8 20. Be2 Nd5 21. Bd2 exd3 22. Nxd3 Nc4 23. Bc1 $1 g5 24. Kf1 Nf6 25. Rb1 Ne4 $36 {[%mdl 2048] Black has the initiative.} 26. Rd1 f4 27. b3 $2 {[#] White does not recover from this.} (27. Bh5 $11 {and White stays safe.}) 27... Nc3 $1 $19 {[%csl LRb1,LRd1,LRe2]} 28. Bb2 (28. Bf3 $142) 28... Nxb2 ({Not} 28... Nxe2 29. Bxg7 Nxa3 30. Rb2 $15) ({And not} 28... Rxe2 29. Bxc3 Bxc3 30. Kxe2 $14) ({Don't do} 28... Nxd1 29. Bxg7 Nd2+ 30. Ke1 $19) (28... Nxb1 29. Bg4+ Kb8 30. Bxg7 $17) 29. Nxb2 $2 (29. Bg4+ Kb8 30. Nxb2 Nxd1 31. Nxd1) 29... Rxe2 30. Rxd8+ Kxd8 31. Rc1 Rd2 32. Ke1 Rd7 33. Nd3 Ne4 34. Ke2 b6 35. Kf3 Nc5 36. Nb4 (36. Nxc5 $142 bxc5 37. Re1) 36... Rd2 {Black is clearly winning.} 37. Nc6+ Kd7 38. Nxa7 Bd4 39. Nb5 Rxf2+ 40. Kg4 Rxg2+ 41. Kh5 Be3 42. Rd1+ Kc6 43. a4 f3 {Accuracy: White = 42%, Black = 83%.} 0-1

[Event "47th GER-ch Blitz 2020"]
[Site "Magdeburg"]
[Date "2020.08.15"]
[Round "14.3"]
[White "Stein, Robert"]
[Black "Hess, Max"]
[Result "1-0"]
[WhiteElo "2325"]
[BlackElo "2378"]
[Annotator "TA"]
[PlyCount "69"]
[EventDate "2020.07.28"]
[EventType "tourn"]
[EventCountry "GER"]
[SourceTitle "playchess.com"]
[Source "ChessBase"]
[SourceQuality "1"]

{[%evp 22,69,25,33,32,34,33,29,41,0,44,45,29,36,170,170,126,118,102,108,90,112,97,92,387,392,376,229,218,281,238,127,330,332,523,288,495,491,622,331,305,289,1189,1301,12841,12841,12842,2110,12842,12842]} 1. d4 Nf6 2. c4 g6 3. g3 Bg7 4. Bg2 O-O 5. Nc3 d6 6. Nf3 Nbd7 7. O-O e5 8. e4 c6 9. h3 Qa5 10. Be3 exd4 11. Nxd4 Nb6 12. Qd3 Qa6 $1 {E69: King's Indian: Fianchetto: 6...Nbd7 7 0-0 e5 8 e4 c6 9 h3.} 13. b3 d5 $1 14. exd5 Nfxd5 {White has an edge.} 15. Nxd5 cxd5 16. Rac1 dxc4 {[#]} 17. bxc4 $146 ({Predecessor:} 17. Qe2 Re8 18. Rfd1 Bd7 19. bxc4 Ba4 20. Rd2 Rad8 21. c5 Qxe2 22. Nxe2 Rxd2 23. Bxd2 Rxe2 24. cxb6 {1-0 (33) Noritsyn,N (2414)-Jankovic,A (2560) Khanty-Mansiysk 2010}) 17... Qxa2 {[#]} (17... Rd8 $14) 18. c5 $1 $18 {[%cal Rc5b6]} Nd7 19. Ra1 {[%mdl 1024] White has strong compensation.} Ne5 {Threatens to win with ...Qxa1.} 20. Qe4 Qc4 21. Rfc1 Qd3 {[#]} 22. Qd5 $1 $36 {[%mdl 2048] Black must now prevent Bf1. White is on the roll.} g5 $2 {[%mdl 8192]} (22... Bxh3 $16 23. Bxh3 Rad8 24. Qxb7 Rxd4) 23. Be4 Be6 24. Nxe6 Qxd5 25. Bxd5 fxe6 26. Bxb7 ({White must play} 26. Bxe6+ $18 Kh8 27. Rab1) 26... Rad8 $2 (26... Nd3 $16 27. c6 (27. Bxa8 Rxa8 28. c6 Nxc1 $16) 27... Nxc1 28. Rxc1 a5) 27. Rxa7 g4 (27... Nf3+ {was worth a try.} 28. Bxf3 Rxf3 29. Bxg5 Rc8) 28. Kg2 gxh3+ $2 (28... Nd3 29. Rc4 (29. hxg4 Nxc1 30. Bxc1 Bd4 $11 {[%mdl 64] Double Attack}) 29... Nxf2) 29. Kxh3 h5 30. Be4 Ng4 31. c6 Nxf2+ $2 (31... Rc8 32. Kg2 Nxe3+ 33. fxe3 Rf7) 32. Bxf2 {White is clearly winning.} Rxf2 33. c7 Rdf8 34. Bb7 (34. c8=Q $142 Rxc8 35. Rxc8+ Rf8 36. Rc5) 34... h4 35. c8=Q {Accuracy: White = 51%, Black = 33%.} 1-0

[Event "47th GER-ch Blitz 2020"]
[Site "Magdeburg"]
[Date "2020.08.15"]
[Round "14.4"]
[White "Krause, Benedict"]
[Black "Siebarth, Raiko"]
[Result "1/2-1/2"]
[WhiteElo "2425"]
[BlackElo "2333"]
[Annotator "TA"]
[PlyCount "116"]
[EventDate "2020.07.28"]
[EventType "tourn"]
[EventCountry "GER"]
[SourceTitle "playchess.com"]
[Source "ChessBase"]
[SourceQuality "1"]

{[%evp 20,116,36,38,50,50,50,50,52,41,46,47,42,41,34,29,41,43,47,24,43,-12,48,29,37,0,104,20,63,65,52,35,83,69,72,73,90,16,66,57,42,18,70,43,44,60,83,73,73,62,65,62,72,52,69,15,11,17,20,0,0,-44,-54,-48,-37,-51,-31,-33,-33,-30,-33,-30,-14,-14,-14,-14,0,0,0,-32,0,0,0,0,0,-68,-69,-118,-16,-18,-9,-58,-57,-55,-13,-127,-115,-148,243]} 1. e4 c5 2. Nf3 d6 3. d4 cxd4 4. Nxd4 Nf6 5. Nc3 a6 6. Bg5 e6 7. f4 Qb6 8. Qd2 Nc6 9. Bxf6 gxf6 10. Nb3 Bd7 11. O-O-O Be7 {B60: Sicilian: Richter-Rauzer: Unusual Black 6th moves and 6...Bd7 without 7 Qd2.} 12. Be2 h5 13. Rhf1 O-O-O {White is slightly better.} 14. Rf3 Rdg8 15. Bf1 Kb8 16. Kb1 Qc7 {[#]} 17. a3 $146 ({Predecessor:} 17. Rd3 h4 18. Qf2 Rh6 19. Na4 Rd8 20. Nb6 Be8 21. Rc3 f5 22. exf5 Bf6 23. Rcd3 {1-0 (45) Kurnosov,I (2579)-Anisimov,P (2482) Krasnoyarsk 2007}) 17... Rc8 18. Na2 Qb6 19. Rc3 h4 20. Rc4 {[#]} (20. Rf3 $14) 20... f5 (20... d5 $1 $11 {[%mdl 512]} 21. exd5 exd5) 21. exf5 $14 d5 22. Rc3 Bf6 (22... exf5 $11 23. Qxd5 Be6) 23. Rf3 (23. Nc5 $16 Be8 24. Nxa6+ $1 {[%mdl 512]} (24. fxe6 Bxc3 25. Qxc3 d4 $17) 24... Ka8 25. Rb3) 23... Ne7 24. fxe6 fxe6 25. Qb4 Qxb4 26. Nxb4 Nf5 27. Bd3 Nd6 {[#]} 28. c3 (28. f5 $1 $16 {[%mdl 512] And now fxe6 would win.} exf5 (28... Nxf5 29. Nxd5) 29. Nxd5) 28... Ba4 29. Bc2 Rhg8 30. g3 (30. f5 $5 {[%cal Rf5e6]} Rxg2 31. fxe6 $14) 30... Nc4 (30... hxg3 $11 31. hxg3 Be8) 31. Nd2 Be8 {...Bh5 is the strong threat.} 32. Nxc4 Rxc4 33. Re1 Bf7 34. f5 e5 $1 35. Bb3 Rc5 36. Rd3 {[%cal Rb3d5]} e4 37. Rdd1 (37. Rd2 $14) 37... hxg3 $11 38. hxg3 (38. Bxd5 $2 Bxd5 39. Nxd5 Rxd5 $19) 38... Rxg3 39. Bxd5 Bh5 40. Bxe4 Bxd1 41. Rxd1 Re5 42. Bc2 Rg2 {[%mdl 1024] Strongly threatening ...Ree2. Black has compensation.} 43. Nd3 Ree2 44. Bb3 Kc7 45. a4 a5 46. Bc4 Rh2 47. Rg1 Re4 48. Bb5 Ree2 49. Rg6 Bxc3 50. bxc3 {Threatens to win with Rg7+.} Rh1+ 51. Nc1 Ree1 $1 52. Kc2 (52. Rg7+ $11 Kb6 53. f6) 52... Rxc1+ $15 {[%mdl 4096] Endgame KRR-KRB} 53. Kb3 Rb1+ (53... Rh3 $17 54. Kc4 Rhxc3+ 55. Kd4 Rf3 56. Rg7+ Kb6) 54. Kc4 $1 $11 Rhf1 55. Rg7+ Kb6 56. Bd7 Rf4+ 57. Kd3 (57. Kd5 $11) 57... Rd1+ 58. Ke3 Rxd7 $2 {[%mdl 8192] Accuracy: White = 64%, Black = 73%.} (58... Rdf1 $17 {keeps the pressure on.} 59. Rg3 R1f2) 1/2-1/2

[Event "47th GER-ch Blitz 2020"]
[Site "Magdeburg"]
[Date "2020.08.15"]
[Round "14.5"]
[White "Muranyi, Karl-Jasmin"]
[Black "Schneider, Ilja"]
[Result "0-1"]
[WhiteElo "2331"]
[BlackElo "2479"]
[Annotator "TA"]
[PlyCount "138"]
[EventDate "2020.07.28"]
[EventType "tourn"]
[EventCountry "GER"]
[SourceTitle "playchess.com"]
[Source "ChessBase"]
[SourceQuality "1"]

{[%evp 21,138,0,0,0,0,0,0,-2,0,0,0,0,9,0,0,0,0,0,0,0,8,0,0,0,0,0,16,8,19,0,0,0,18,11,45,0,0,0,0,0,0,0,0,0,0,0,3,0,0,-86,0,0,0,0,0,-66,-66,-66,-66,-110,-77,-96,-67,-197,-180,-154,-190,-118,-28,-276,-100,-244,0,0,0,0,0,-156,-22,-69,-70,-29951,-29947,-6398,-6398,-29971,-29973,-29972,-29973,-29971,-29972,-29972,-29973,-29977,-29976,-29977,-29973,-29973,-29974,-29975,-29976,-29976,-29977,-29977,-29977,-29977,-29978,-29981,-29982,-29983,-29981,-29981,-29982,-29982,-29983,-29982,-29983,-29984,-29985]} 1. d4 d5 2. Nf3 Nf6 3. Bf4 c5 4. c3 cxd4 5. cxd4 Nc6 6. Nc3 a6 7. e3 Bg4 8. Be2 e6 9. O-O Bd6 10. Bxd6 Qxd6 11. Rc1 O-O 12. a3 {D13: Slav Defence: Exchange variation without ...Bf5.} Rfc8 {[#]} 13. h3 $146 ({Predecessor:} 13. Na4 Nd7 14. Nc5 Bxf3 15. Bxf3 b6 16. Nxd7 Qxd7 17. Qd3 f5 18. b4 Nd8 19. Rxc8 Qxc8 {½-½ (71) Di Benedetto,E (2404)-Pechac,J (2461) Radenci 2019}) 13... Bxf3 14. Bxf3 {The position is equal.} Rc7 15. Na4 Rac8 {With the idea ...Nxd4!} 16. Nc5 Nd7 17. b4 a5 18. Qd2 axb4 19. axb4 g6 20. Be2 Kg7 21. Ra1 b6 22. Na6 Ra7 23. Rfc1 Rca8 {Strongly threatening ...Nxb4!} 24. b5 Na5 {Hoping for ...Nb3.} 25. Qb4 (25. Rab1 {is interesting.} Nf6 26. Bd3 Qd7 27. Qe1 Rd8 28. Rc2) 25... Qxb4 26. Nxb4 Kf8 27. Rab1 Ke8 28. Nc6 Rc7 29. Nxa5 (29. g4 {with more complications.} Rac8 30. Rc2 Nb8 31. Bd3 Kf8 32. Nxb8 Rxc2 33. Bxc2 Rxb8 34. Kg2) 29... Rxc1+ 30. Rxc1 bxa5 $11 {[%mdl 4096] Endgame KRB-KRN} 31. Kf1 a4 32. Ke1 Nb6 33. Kd2 Kd7 34. Bd3 f5 35. f3 (35. Be2 $11) 35... g5 (35... a3 $17 36. Ra1 a2) 36. g4 fxg4 37. hxg4 a3 {[%cal Ba4a3,Ba3a2][%mdl 32]} 38. Rh1 (38. Ra1 $11) 38... a2 $15 39. Ra1 h6 40. Kc3 Ra3+ 41. Kc2 Kd6 42. e4 (42. Bf1 $15) 42... e5 $19 43. dxe5+ Kxe5 44. exd5 Kxd5 (44... Nxd5 $17 {And now ...Nb4+ would win.} 45. Be2 Kd4) 45. Be4+ $2 (45. Bh7 $11 {and White stays safe.}) 45... Kd4 $2 (45... Kc5 $19 {...Nc4 is the strong threat.} 46. Bd3 Nd5) 46. Rd1+ (46. Bf5 $17 {only move.}) 46... Ke5 $2 (46... Kc5 $19 47. Ra1 Nc4) 47. Kb2 $11 Nc4+ 48. Ka1 Nd6 49. b6 $2 (49. Rd5+ $11 Ke6 50. Rc5) 49... Rb3 (49... Nxe4 $17 50. b7 Rb3) 50. Kxa2 Rxb6 51. Rh1 $2 {[%mdl 8192] White is now going downhill.} (51. Bd5 $15) 51... Nxe4 {KRN-KR} 52. Re1 Kf4 53. Rxe4+ Kxf3 $19 {KR-KR. Black mates.} 54. Rc4 Rf6 55. Kb2 {[#]} Rf4 $1 56. Rc6 Rxg4 57. Rxh6 Rc4 58. Kb3 Rc8 59. Rf6+ Kg3 60. Kb2 g4 61. Rd6 Kh3 62. Rh6+ Kg2 63. Rd6 g3 64. Rd2+ Kh3 65. Rd6 g2 66. Rh6+ Kg3 67. Rg6+ Kh2 68. Rh6+ {[#]} Kg1 $1 69. Rf6 Rh8 {Accuracy: White = 66%, Black = 77%.} 0-1

[Event "47th GER-ch Blitz 2020"]
[Site "Magdeburg"]
[Date "2020.08.15"]
[Round "14.6"]
[White "Braeuning, Rudolf Wilhelm"]
[Black "Svane, Frederik"]
[Result "1/2-1/2"]
[WhiteElo "2244"]
[BlackElo "2421"]
[Annotator "TA"]
[PlyCount "106"]
[EventDate "2020.07.28"]
[EventType "tourn"]
[EventCountry "GER"]
[SourceTitle "playchess.com"]
[Source "ChessBase"]
[SourceQuality "1"]

{[%evp 17,106,25,38,8,26,-5,9,0,4,-4,16,6,14,10,30,22,32,25,24,24,24,15,16,-14,-8,0,24,22,41,20,17,0,81,79,79,84,73,76,103,56,104,40,41,41,45,36,77,76,76,73,109,110,110,110,144,85,62,39,39,39,39,39,39,39,47,40,47,47,47,47,47,47,48,48,110,110,110,48,110,110,110,110,110,110,110,110,110,110,110,110,139]} 1. e4 c5 2. c3 d5 3. exd5 Qxd5 4. d4 e6 5. Nf3 Nf6 6. Na3 cxd4 7. Nb5 Na6 8. Qxd4 Bc5 {8...Qxd4 is not played anymore.} 9. Qxd5 Nxd5 10. a3 {B22: Sicilian: 2 c3.} O-O 11. Be2 {[#]} (11. c4 {seems wilder.} Ndc7 12. Bf4 Nxb5 13. cxb5 Nb8 14. Rc1) 11... Nac7 $146 ({Predecessor:} 11... Bd7 12. O-O {½-½ (12) Peredy,F (2365)-Szakolczai,P (2220) Hungary 1996}) 12. Nxc7 {The position is equal.} Nxc7 13. O-O b6 14. c4 Bb7 15. Bf4 Ne8 16. Rfd1 Nf6 17. b4 Be7 18. Ne5 Rfd8 19. Rxd8+ Rxd8 20. Rd1 Rxd1+ 21. Bxd1 Kf8 22. f3 Bd8 23. Kf2 Ke7 24. Ba4 Bc7 {[#]} (24... Nh5 $11 {keeps the balance.} 25. Be3 Bc7) 25. Ng6+ $1 $16 {[%mdl 576] Discovered Attack} hxg6 (25... fxg6 26. Bxc7) 26. Bxc7 {[%mdl 4096] Endgame KBB-KBN} Ne8 27. Bb8 Nd6 28. Bb3 Nc8 29. Be5 (29. f4 $16) 29... f6 $14 30. Bd4 e5 31. Be3 Kd7 32. a4 Ne7 33. c5 bxc5 34. Bxc5 a6 35. Bc4 Nd5 36. g3 ({White should try} 36. b5) 36... Nc7 $16 37. Bf8 Ne6 38. Bxe6+ $1 Kxe6 39. Bxg7 $14 {KB-KB} Bc6 40. a5 Bb5 41. Ke3 f5 42. Bh6 Bf1 43. h4 Bb5 44. g4 fxg4 45. fxg4 Bf1 ({Better is} 45... Bd7 $14) 46. Bg5 $16 Bb5 47. Bd8 (47. h5 $16) 47... Bf1 (47... Be8 $1 $14) 48. h5 {White is better.} gxh5 49. gxh5 Kf7 50. Ke4 Kg7 51. Bg5 Kh7 52. Kxe5 Bb5 53. Kf6 Bd3 {Accuracy: White = 77%, Black = 75%.} 1/2-1/2

[Event "47th GER-ch Blitz 2020"]
[Site "Magdeburg"]
[Date "2020.08.15"]
[Round "14.7"]
[White "Bluebaum, Matthias"]
[Black "Reichmann, Hendrik"]
[Result "1/2-1/2"]
[WhiteElo "2647"]
[BlackElo "2348"]
[Annotator "TA"]
[PlyCount "102"]
[EventDate "2020.07.28"]
[EventType "tourn"]
[EventCountry "GER"]
[SourceTitle "playchess.com"]
[Source "ChessBase"]
[SourceQuality "1"]

{[%evp 14,102,48,47,43,42,47,41,50,47,53,46,72,66,74,70,115,28,22,24,86,35,25,24,32,33,29,0,15,11,25,18,28,28,515,388,376,363,332,338,554,274,259,273,679,650,615,623,625,623,904,789,772,698,672,330,297,266,996,990,965,956,925,902,770,114,110,12,13,13,13,0,0,0,0,0,9,0,0,0,0,0,0,0,0,0,0,0,0,0,0]} 1. d4 g6 2. c4 Bg7 3. e4 d6 4. Nc3 e5 5. Nf3 exd4 6. Nxd4 Ne7 7. Be2 Nbc6 8. Be3 f5 {A42: Modern Defence: Averbakh Variation.} 9. exf5 Nxf5 10. Nxf5 Bxf5 {White is slightly better.} 11. Qd2 Qd7 12. O-O {[#]} O-O-O $146 ({Predecessor:} 12... O-O 13. Rad1 Rad8 14. Rfe1 b6 15. Bh6 Bxh6 16. Qxh6 Ne5 17. Qh4 Qf7 18. b3 Bc8 19. Nd5 Bb7 20. f4 Bxd5 21. fxe5 Be6 22. Bf3 Kg7 23. exd6 Rxd6 24. Rxd6 cxd6 25. Bd5 Re8 26. Qe4 {1-0 (26) Strikovic,A (2522)-Perez Garcia,R (2159) La Roda 2015}) 13. Nd5 Kb8 14. Rac1 Bg4 15. b4 (15. Bxg4 $16 Qxg4 16. b4) 15... Bxe2 $11 16. Qxe2 Rhe8 {[#]} (16... Nd4 $11 17. Bxd4 Bxd4) 17. b5 ({Better is} 17. Qd2 $1 $16) 17... Nd4 $14 18. Qd2 Nf5 19. Bg5 Rc8 20. a4 Nd4 21. Rb1 Qg4 22. f3 $36 {[%mdl 2048] White fights for an advantage.} Qf5 23. Be3 Nc2 $2 {[%mdl 8192]} (23... Qc2 $1 $11) 24. Bf2 Na3 {[#]} 25. Rbc1 $1 ({Worse is} 25. Qa5 b6 $11) 25... c6 26. bxc6 bxc6 $2 (26... Rxc6 27. Nb4 Rxc4) 27. Qb4+ (27. Qa5 $142 {[%csl Gf2][%cal Ra5a7]} c5 28. Qa6) 27... Ka8 $18 {[#]} 28. Qa5 $1 {[%csl Gf2][%cal Ra5a7][%mdl 512]} c5 $2 (28... Re7) 29. Nb6+ Kb7 30. Nxc8 Rxc8 31. Rfe1 {Re7+ would kill now.} Rc7 32. Qd2 Be5 33. Qd5+ Ka6 34. Rcd1 (34. Re4 $142) 34... Nc2 35. Re2 {Hoping for g4.} Nd4 $2 (35... Nb4 36. Qd2 Nc6) 36. Bxd4 {[%mdl 64] Overworked Piece} Bxd4+ 37. Rxd4 cxd4 38. Qxd6+ {[%mdl 4160] Endgame Double Attack. KQR-KQR} Kb7 39. Qb4+ $2 (39. Rb2+ $18 {is more deadly.} Kc8 40. Rb5) 39... Kc6 $16 40. g4 (40. Qb2 $16) 40... Qc5 $11 {The position is equal.} 41. Re6+ Kd7 42. Qxc5 Rxc5 {KR-KR} 43. Ra6 Rxc4 44. Rxa7+ Kd6 45. Kf2 Rc2+ 46. Kg3 d3 47. Ra8 Kd7 {White must now prevent ...d2.} 48. Ra5 {And now Rd5+ would win.} Kd6 49. Ra6+ Kd7 {...d2 is the strong threat.} 50. Ra5 {Strongly threatening Rd5+.} Kd6 51. Ra8 {aiming for Rd8+.} Kd7 {Black escapes into a draw. Accuracy: White = 69%, Black = 56%.} 1/2-1/2

[Event "47th GER-ch Blitz 2020"]
[Site "Magdeburg"]
[Date "2020.08.15"]
[Round "14.8"]
[White "Weller, Manuel"]
[Black "Svane, Rasmus"]
[Result "0-1"]
[WhiteElo "2237"]
[BlackElo "2613"]
[Annotator "TA"]
[PlyCount "56"]
[EventDate "2020.07.28"]
[EventType "tourn"]
[EventCountry "GER"]
[SourceTitle "playchess.com"]
[Source "ChessBase"]
[SourceQuality "1"]

{[%evp 20,56,0,0,0,0,0,0,0,6,3,1,47,41,34,23,70,20,47,41,178,162,339,-331,-331,-487,-485,-541,-517,-526,-500,-1306,-1291,-1292,-1250,-1568,-1514,-3015,-3327]} 1. c4 e6 2. g3 d5 3. Bg2 Nf6 4. Nf3 Be7 5. O-O O-O 6. b3 d4 7. Bb2 c5 8. e3 Nc6 9. exd4 cxd4 10. Re1 Re8 11. d3 Bc5 $1 {11...Bc5 scores better than 11...Bf8. A14: English Opening: 1...e6 with b3 by White.} 12. Ne5 Nxe5 13. Rxe5 Nd7 {The position is equal.} 14. Re2 e5 15. Qe1 {[#]} Qe7 $146 ({Predecessor:} 15... a5 16. a3 Qb6 17. Nd2 Bf8 18. Bd5 Qg6 19. Bxd4 Qxd3 20. Bxe5 Nxe5 21. Rxe5 Bd7 {1-0 (47) Kaustuv,K (2176)-Diaz Contreras,P (2236) Montevideo 2017}) 16. a3 a5 17. Nd2 {[%cal Bb1d2,Bd2e4,Be4g5][%mdl 32]} Ra6 18. Ne4 Ba7 19. f4 f5 ({Black should play} 19... Nf8 $14) 20. Ng5 $1 $18 {Strongly threatening Bd5+.} e4 $2 {[#]} (20... Kh8 21. Bd5 Rf8) 21. dxe4 $4 {[%mdl 8192]} (21. Bxe4 $1 $18 {[%mdl 512]} Nf6 {[%mdl 64] Pin} (21... fxe4 22. Rxe4) 22. Bd5+ Nxd5 23. Rxe7 Rxe7 24. Qd2 (24. cxd5 Rxe1+ 25. Rxe1 Bd7 $18)) 21... d3+ $19 22. Rf2 (22. Re3 $142 Nf6 23. e5) 22... h6 {Black is clearly winning.} 23. Nf3 {next e5 is good for White.} fxe4 24. Ne5 Nxe5 25. fxe5 (25. Bxe5 $142 e3 26. Rf3) 25... Rf8 {[%mdl 64] Pin} 26. Qxe4 Rxf2 27. Bd4 Re2 28. Qd5+ Be6 {Accuracy: White = 47%, Black = 57%.} 0-1